000 00664nam a22002177a 4500
003 UA-OsUOA
001 79958
007 ta
008 20111124b un ||||| |||| 00| 0 ukr d
100 _aБодрецький М.
090 _a330(477)
_bБ75
942 _cSA
040 _aUA-OsUOA
_bukr
_cUA-OsUOA
_dUA-OsUOA
245 _aЕфективність банківських відділень: організація депозитарного сховища індивідуальних комірок
300 _aС.86-93
955 _a0
041 _aukr
080 _a330(477)
773 0 _w79949
650 7 _a330 Економіка взагалі
_2UDC
999 _c366276
_d366276